German women for empire, 1884-1945

Αποθηκεύτηκε σε:
Λεπτομέρειες βιβλιογραφικής εγγραφής
Κύριος συγγραφέας: Wildenthal, Lora 1965-
Μορφή: Βιβλίο
Γλώσσα:English
Δημοσίευση: Durham; London : Duke University Press, 2001
Σειρά:Politics, history, and culture
Θέματα:
Ετικέτες: Προσθήκη ετικέτας
Δεν υπάρχουν, Καταχωρήστε ετικέτα πρώτοι!

MARC

LEADER 00000nam a2200000 i 4500
001 1/58737
008 040707s2001 eng d
020 |a 0-8223-2819-4 
035 |l 10073997 
040 |a GR-MY-UA  |b gre  |e aacr 
041 0 |a eng 
082 0 |a 305.40943  |2 (21) 
100 1 |a Wildenthal, Lora  |d 1965- 
245 1 0 |a German women for empire, 1884-1945 /  |c Lora Wildenthal 
260 |a Durham; London :   |b Duke University Press,   |c 2001 
300 |a xi, 336 σ.;  |c 23 εκ. 
490 1 |a Politics, history, and culture 
504 |a Περιέχει βιβλιογραφία και ευρετήριο 
650 0 0 |a Women  |z Germany  |x History  |y 19th century. 
650 0 0 |a Women  |z Germany  |x History  |y 20th century. 
830 0 |a Politics, history, and culture 
852 |a INST  |b LESVOS  |e 20040707  |h 305.40943 WIL  |p 005100030466  |q 005100030466  |t BK  |y 0 
901 |a BIBL1-2004-2 
909 |a Λ  |b 111134 
920 |a ΤΑΚΤΙΚΟΣ ΚΟΙΝΩΝΙΚΗΣ ΑΝΘΡΩΠΟΛΟΓΙΑΣ ΚΑΙ ΙΣΤΟΡΙΑΣ  |y ΛΕΣΒΟΣ  |z 2004-05 
970 |a ΧΡΙΣΤΟΦΑ  |b ΝΙΚΗ  |z 2004/07/07